书目信息 |
| 题名: |
生态城市规划与建设研究
|
|
| 作者: | 廖清华 , 赵芳琴 著 | |
| 分册: | ||
| 出版信息: | 北京 北京工业大学出版社 2021.6 |
|
| 页数: | 184页 | |
| 开本: | 24cm | |
| 丛书名: | ||
| 单 册: | ||
| 中图分类: | TU984 , X21 | |
| 科图分类: | ||
| 主题词: | 生态城市--城市规划--研究 , 生态城市--城市建设--研究 | |
| 电子资源: | ||
| ISBN: | 978-7-5639-6886-2 | |
| 000 | 01095nam0 2200265 45 | |
| 001 | 012001002108 | |
| 005 | 20140913111934.0 | |
| 010 | @a978-7-5639-6886-2@dCNY59.00 | |
| 100 | @a20200116d2019 em y0chiy50 ea | |
| 101 | 0 | @achi |
| 102 | @aCN@b110000 | |
| 105 | @ay z 000yy | |
| 106 | @ar | |
| 200 | 1 | @a生态城市规划与建设研究@Asheng tai cheng shi gui hua yu jian she yan jiu@b专著@f廖清华,赵芳琴著 |
| 210 | @a北京@c北京工业大学出版社@d2021.6 | |
| 215 | @a184页@d24cm | |
| 330 | @a本书共七章,第一章着重分析了生态城市的产生背景;第二章主要阐述了生态城市的理论基础;第三章介绍了城市规划学科的变革;第四章主要分析了生态城市规划与建设过程中出现的难题;第五章主要针对生态城市规划与建设过程中的难题提出有效的应对策略;第六章主要介绍了低碳时代生态城市规划与建设;第七章阐释了生态城市的发展理念与规划的发展趋势。 | |
| 606 | 0 | @a生态城市@x城市规划@x研究 |
| 606 | 0 | @a生态城市@x城市建设@x研究 |
| 690 | @aTU984@v5 | |
| 690 | @aX21@v5 | |
| 701 | 0 | @a廖清华@Aliao qing hua@4著 |
| 701 | 0 | @a赵芳琴@Azhao fang qin@4著 |
| 801 | 0 | @aCN@bBJSDL@c20211011 |
| 905 | @b1338469-72@dTU984@e2005@f4 | |
| 生态城市规划与建设研究/廖清华,赵芳琴著.-北京:北京工业大学出版社,2021.6 |
| 184页;24cm |
| ISBN 978-7-5639-6886-2:CNY59.00 |
| 本书共七章,第一章着重分析了生态城市的产生背景;第二章主要阐述了生态城市的理论基础;第三章介绍了城市规划学科的变革;第四章主要分析了生态城市规划与建设过程中出现的难题;第五章主要针对生态城市规划与建设过程中的难题提出有效的应对策略;第六章主要介绍了低碳时代生态城市规划与建设;第七章阐释了生态城市的发展理念与规划的发展趋势。 |
| ● |
| 相关链接 |
|
|
|
|
正题名:生态城市规划与建设研究
索取号:TU984/2005
 
预约/预借
| 序号 | 登录号 | 条形码 | 馆藏地/架位号 | 状态 | 备注 |
| 1 | 1338469 | 213384693 | 第二样本阅览室/ [索取号:TU984/2005] | 在馆 | |
| 2 | 1338470 | 213384700 | 第三借阅区/ [索取号:TU984/2005] | 在馆 | |
| 3 | 1338471 | 213384719 | 第三借阅区/ [索取号:TU984/2005] | 在馆 | |
| 4 | 1338472 | 213384728 | 第三借阅区/ [索取号:TU984/2005] | 在馆 |